[Event "ÕÕÕII Nezhmetdinov Memorial"]
[Site "?"]
[Date "2010.06.05"]
[Round "6.37"]
[White "Galimzianova, Aliya"]
[Black "Safin, Ravgat"]
[Result "0-1"]
[WhiteElo "1908"]
[BlackElo "2000"]
[PlyCount "108"]
[EventDate "2010.06.01"]
[SourceDate "2010.06.06"]

1. e4 e6 2. d4 d5 3. Nc3 Nf6 4. e5 Nfd7 5. f4 c5 6. Nf3 Nc6 7. Be3 a6 8. Qd2
cxd4 9. Nxd4 Bc5 10. Be2 Nxd4 11. Bxd4 Bxd4 12. Qxd4 Qb6 13. Qxb6 Nxb6 14. a4
Bd7 15. a5 Nc8 16. Bd3 Na7 17. O-O h5 18. h4 g6 19. Rfd1 Rc8 20. Ra3 Ke7 21. f5
gxf5 22. Bxf5 Rc4 23. Rb3 Bc6 24. Bd3 Rxh4 25. Na2 Rg8 26. Nb4 Kd7 27. c4 d4
28. Nxc6 Kxc6 29. Be2 Kc7 30. Rf1 Rg7 31. Rbf3 Nc6 32. Rxf7+ Rxf7 33. Rxf7+ Kc8
34. Rf6 Re4 35. Bxh5 Rxe5 36. Bg4 Kd7 37. Rf7+ Ne7 38. Rf4 Nc6 39. Rf7+ Kd6 40.
Rxb7 Nxa5 41. Rb6+ Ke7 42. Rxa6 Nxc4 43. Ra4 Re1+ 44. Kf2 Rc1 45. b3 Rc2+ 46.
Kg1 Ne3 47. Bf3 e5 48. Be4 Rb2 49. Ra7+ Kf6 50. Rb7 Kg5 51. g3 Nf5 52. Bd5 d3
53. Be4 d2 54. Rd7 Nd4 0-1

[Event "ÕÕÕII Nezhmetdinov Memorial"]
[Site "?"]
[Date "2010.06.05"]
[Round "6.38"]
[White "Ibraev, Vasilij"]
[Black "Belova, Olga"]
[Result "0-1"]
[WhiteElo "2258"]
[BlackElo "1930"]
[PlyCount "104"]
[EventDate "2010.06.01"]
[SourceDate "2010.06.06"]

1. c4 e5 2. Nc3 Nc6 3. g3 f5 4. Bg2 Nf6 5. d3 Bb4 6. e3 d6 7. Nge2 O-O 8. O-O
Be6 9. a3 Bxc3 10. Nxc3 Qe8 11. b4 Qg6 12. b5 Nd8 13. Qe2 e4 14. Bb2 Nf7 15.
dxe4 fxe4 16. Nd5 Nxd5 17. cxd5 Bxd5 18. Rac1 c6 19. Rfd1 Ng5 20. h4 Ne6 21.
bxc6 bxc6 22. Bh3 Nc5 23. Rf1 Nd3 24. Rc3 Rf3 25. Bg2 Qf5 26. Rc2 c5 27. Bc3
Rf8 28. Ba5 Bb3 29. Rd2 Bc4 30. Rc2 d5 31. Qd2 Ne5 32. Rfc1 Rxf2 33. Qxf2 Qxf2+
34. Rxf2 Rxf2 35. Bc7 Nd3 36. Rc3 Rf7 37. Bd6 Rd7 38. Bb8 Ba6 39. Bh3 Rb7 40.
Bd6 Kh8 41. Bf4 Bc4 42. Bf5 Rb1+ 43. Kh2 Ba6 44. Rc2 Nxf4 45. gxf4 c4 46. Rd2
Bb7 47. Bxe4 c3 48. Bxb1 cxd2 49. Bc2 d4 50. e4 Bxe4 51. Bd1 Kg8 52. Kg3 Kf7
0-1

[Event "ÕÕÕII Nezhmetdinov Memorial"]
[Site "?"]
[Date "2010.06.05"]
[Round "6.39"]
[White "Faizrakhmanov, Ramil"]
[Black "Fedotov, Ivan"]
[Result "1-0"]
[WhiteElo "1957"]
[BlackElo "2078"]
[PlyCount "31"]
[EventDate "2010.06.01"]
[SourceDate "2010.06.06"]

1. d4 d5 2. c4 e6 3. Nf3 c6 4. Qc2 dxc4 5. Qxc4 Nf6 6. g3 Be7 7. Bg2 O-O 8. O-O
Nbd7 9. Nc3 Qb6 10. e4 Rd8 11. Qe2 a5 12. Rd1 Qb4 13. Bf4 b6 14. Rac1 Ba6 15.
Qc2 Rac8 16. a3 1-0

[Event "ÕÕÕII Nezhmetdinov Memorial"]
[Site "?"]
[Date "2010.06.05"]
[Round "6.40"]
[White "Gabaidulina, Olga"]
[Black "Beliaev, Vasily"]
[Result "0-1"]
[WhiteElo "1857"]
[BlackElo "2064"]
[PlyCount "70"]
[EventDate "2010.06.01"]
[SourceDate "2010.06.06"]

1. e4 c5 2. Nf3 Nc6 3. d4 cxd4 4. Nxd4 Nf6 5. Nc3 e5 6. Ndb5 d6 7. Bg5 a6 8.
Na3 b5 9. Nd5 Be7 10. Bxf6 Bxf6 11. c3 Ne7 12. Be2 Bb7 13. Nxf6+ gxf6 14. Bf3
Qb6 15. Qd3 f5 16. exf5 d5 17. Bg4 Rg8 18. Bh3 d4 19. cxd4 Nd5 20. Qe4 Qxd4 21.
Qxd4 exd4 22. O-O-O Rc8+ 23. Kb1 Nf4 24. Rhe1+ Kf8 25. Rxd4 Nxh3 26. gxh3 Rg2
27. Nc2 Rxf2 28. Ne3 Re8 29. Kc1 Be4 30. Rd2 Rc8+ 31. Kd1 Bf3+ 32. Ree2 Rxh2
33. Ke1 Rc1+ 34. Nd1 Bxe2 35. Rxe2 Rh1+ 0-1

[Event "ÕÕÕII Nezhmetdinov Memorial"]
[Site "?"]
[Date "2010.06.05"]
[Round "6.41"]
[White "Semenova, Anastasia"]
[Black "Glukhov, Alexander"]
[Result "1/2-1/2"]
[WhiteElo "1898"]
[BlackElo "2034"]
[PlyCount "100"]
[EventDate "2010.06.01"]
[SourceDate "2010.06.06"]

1. e4 c5 2. c3 Nf6 3. e5 Nd5 4. d4 cxd4 5. cxd4 Nc6 6. Nf3 d6 7. Bc4 Nb6 8. Bb5
dxe5 9. Nxe5 Bd7 10. Nc3 Nxe5 11. dxe5 Bxb5 12. Qxd8+ Rxd8 13. Nxb5 a6 14. Nc3
e6 15. Ke2 f6 16. exf6 gxf6 17. b3 Bb4 18. Ne4 f5 19. a3 Be7 20. Bb2 Rg8 21.
Nf6+ Bxf6 22. Bxf6 Rc8 23. g3 Nd5 24. Be5 Rc2+ 25. Kf3 Kd7 26. Rhc1 Rgc8 27.
Rxc2 Rxc2 28. Rd1 Kc6 29. h3 h5 30. Bd4 Kd6 31. Re1 Rd2 32. Be5+ Kc6 33. Rb1 b5
34. Rb2 Rd1 35. Rc2+ Kd7 36. Ke2 Rh1 37. h4 f4 38. b4 fxg3 39. fxg3 Rb1 40. Bb2
Nb6 41. Bc1 Nc4 42. Rc3 e5 43. g4 hxg4 44. h5 Ke6 45. h6 Kf6 46. Kf2 e4 47. Kg3
e3 48. Bxe3 Nxe3 49. Rxe3 Rh1 50. Kxg4 Rxh6 1/2-1/2

[Event "ÕÕÕII Nezhmetdinov Memorial"]
[Site "?"]
[Date "2010.06.05"]
[Round "6.42"]
[White "Agafonov, Anton V."]
[Black "Kurninov, Andrei"]
[Result "1-0"]
[WhiteElo "2056"]
[BlackElo "1776"]
[PlyCount "153"]
[EventDate "2010.06.01"]
[SourceDate "2010.06.06"]

1. b3 Nf6 2. Bb2 g6 3. Bxf6 exf6 4. c4 Bg7 5. Nc3 O-O 6. g3 Nc6 7. Bg2 b6 8.
Nf3 Bb7 9. O-O Qc8 10. Rc1 Re8 11. e3 Ne5 12. d4 Nxf3+ 13. Bxf3 f5 14. Kg2 a6
15. Bxb7 Qxb7+ 16. Qf3 c6 17. Rfd1 b5 18. c5 a5 19. Rc2 Qc7 20. h4 h5 21. Ne2
b4 22. d5 Re4 23. Nf4 Bc3 24. a4 Qa7 25. dxc6 dxc6 26. Rd3 Qe7 27. Qd1 Re5 28.
Rd7 Qf8 29. Rc7 Rxc5 30. Ne2 Qe8 31. Nxc3 bxc3 32. Rd7 Qe6 33. Rc1 Rb8 34. Qd4
c2 35. Kf1 Qe5 36. Qxe5 Rxe5 37. Rxc2 Rxb3 38. Rxc6 Rb4 39. Rc8+ Kg7 40. Rcc7
Re6 41. Rxf7+ Kg8 42. Rg7+ Kh8 43. Rh7+ Kg8 44. Rcg7+ Kf8 45. Ra7 Kg8 46. Rhd7
Rb8 47. Rxa5 Rc6 48. Rad5 Rc1+ 49. Rd1 Rc2 50. R1d2 Rxd2 51. Rxd2 Rb1+ 52. Ke2
Ra1 53. Rd4 Ra2+ 54. Ke1 Kf7 55. Rf4 Ke6 56. Kd1 Kd5 57. Kc1 Kc5 58. Kb1 Re2
59. Kc1 Ra2 60. Kd1 Kd5 61. Ke1 Ke5 62. Kf1 Kd5 63. Kg2 Ke5 64. Rd4 Ke6 65. Rb4
Kf6 66. Rb6+ Kg7 67. Ra6 Kh7 68. Kf3 Kg7 69. Kg2 Kh7 70. Ra7+ Kg8 71. Kf3 Kf8
72. a5 Kg8 73. a6 Kh8 74. Kf4 Rxf2+ 75. Kg5 Kg8 76. Kxg6 Kf8 77. Rf7+ 1-0

[Event "ÕÕÕII Nezhmetdinov Memorial"]
[Site "?"]
[Date "2010.06.05"]
[Round "6.44"]
[White "Mukhametgaleeva, Railia"]
[Black "Pavlov, Viktor"]
[Result "1/2-1/2"]
[WhiteElo "1932"]
[BlackElo "2033"]
[PlyCount "107"]
[EventDate "2010.06.01"]
[SourceDate "2010.06.06"]

1. e4 Nf6 2. e5 Nd5 3. d4 d6 4. c4 Nb6 5. exd6 exd6 6. Be3 Nc6 7. Nc3 Be7 8.
Nf3 Bg4 9. h3 Bh5 10. b3 O-O 11. Be2 d5 12. c5 Nc8 13. a3 a6 14. b4 Bf6 15. Qd2
Re8 16. O-O Bg6 17. g4 h6 18. Rad1 N8e7 19. Nh2 Qd7 20. f4 Qe6 21. Bf2 Be4 22.
g5 Qxh3 23. Nxe4 dxe4 24. gxf6 e3 25. Bxe3 Nd5 26. Bf2 Nxf6 27. Qd3 Qd7 28. Bf3
Nd5 29. Bg4 Qd8 30. Qg3 Qf6 31. Kh1 Qxf4 32. Qxf4 Nxf4 33. Bf3 Rad8 34. Bh4 g5
35. Bf2 Nd5 36. Ng4 Kg7 37. Rd2 f6 38. Bg3 Re7 39. Bxd5 Rxd5 40. Nxf6 Rxd4 41.
Rxd4 Nxd4 42. Nd5 Re2 43. Bxc7 Nb5 44. a4 Nxc7 45. Nxc7 Rb2 46. b5 axb5 47.
axb5 Rc2 48. Ne6+ Kg6 49. Nf8+ Kh5 50. Nd7 g4 51. Kg1 Kh4 52. Rf2 Rc3 53. Rh2+
Kg3 54. Rg2+ 1/2-1/2

[Event "ÕÕÕII Nezhmetdinov Memorial"]
[Site "?"]
[Date "2010.06.05"]
[Round "6.45"]
[White "Lev, Nikolay"]
[Black "Borisov, Artur"]
[Result "1/2-1/2"]
[WhiteElo "1735"]
[BlackElo "1996"]
[PlyCount "147"]
[EventDate "2010.06.01"]
[SourceDate "2010.06.06"]

1. d4 Nf6 2. Nf3 g6 3. Bf4 Bg7 4. Nbd2 d5 5. h3 O-O 6. e3 b6 7. Be2 Bb7 8. O-O
Nbd7 9. c3 Re8 10. c4 Nh5 11. Bh2 c5 12. Qb3 Nhf6 13. Qc2 Rc8 14. Rac1 e6 15.
Qa4 Ra8 16. Ne5 Nxe5 17. Bxe5 Qd7 18. Qb3 cxd4 19. exd4 Ba6 20. Qa3 Bxc4 21.
Bxc4 dxc4 22. Rxc4 Nd5 23. Bxg7 Kxg7 24. Nf3 f6 25. Rfc1 a5 26. Qd3 Rac8 27. b3
Kf7 28. Qd2 Kg7 29. g4 h6 30. h4 g5 31. R1c2 Nb4 32. R2c3 Nd5 33. Rc2 Nb4 34.
R2c3 Rxc4 35. bxc4 Rc8 36. a3 Na6 37. hxg5 hxg5 38. Qe3 Qd6 39. Qe4 Qc6 40. Qd3
Nb8 41. Qe3 Qd6 42. Nxg5 Re8 43. Ne4 Qc7 44. g5 f5 45. Nf6 Rh8 46. Qe5 Qxe5 47.
dxe5 Kg6 48. f4 Rh4 49. Rf3 Kf7 50. Kg2 Kg6 51. Kg3 Rh1 52. Rb3 Nc6 53. Rxb6
Nd4 54. c5 Rc1 55. Nd7 Rc3+ 56. Kg2 Rxa3 57. c6 Rc3 58. Ra6 Nxc6 59. Kf2 Rc4
60. Ke3 Rc1 61. Nb6 Rc5 62. Nc8 Kg7 63. Nd6 Rc1 64. Ra8 Ne7 65. Ra7 Kf8 66.
Ra8+ Kg7 67. Rxa5 Rc3+ 68. Kf2 Rc2+ 69. Kf3 Rc3+ 70. Ke2 Rc2+ 71. Kd3 Rf2 72.
Ke3 Rc2 73. Ra7 Kf8 74. Ra8+ 1/2-1/2

[Event "ÕÕÕII Nezhmetdinov Memorial"]
[Site "?"]
[Date "2010.06.05"]
[Round "6.46"]
[White "Belskiy, Artem"]
[Black "Ivanov, Nikolay A."]
[Result "0-1"]
[WhiteElo "1622"]
[BlackElo "1977"]
[PlyCount "66"]
[EventDate "2010.06.01"]
[SourceDate "2010.06.06"]

1. d4 Nf6 2. c4 c5 3. d5 b5 4. cxb5 a6 5. b6 d6 6. Nc3 Nbd7 7. Nf3 g6 8. e4 Bg7
9. Be2 O-O 10. O-O Qxb6 11. Qc2 Qb7 12. h3 Ne8 13. Nd2 Nc7 14. Nc4 Nb5 15. Be3
Qc7 16. Qd2 Rb8 17. Rac1 Ne5 18. Nxe5 Bxe5 19. Nxb5 axb5 20. f4 Bg7 21. b4 c4
22. Bd4 Bxd4+ 23. Qxd4 Ra8 24. Rc2 Qa7 25. Qxa7 Rxa7 26. Ra1 Ra3 27. e5 Bf5 28.
Rd2 Rfa8 29. e6 fxe6 30. Bf3 R8a4 31. dxe6 Rxb4 32. Bc6 c3 33. Rxd6 c2 0-1

[Event "ÕÕÕII Nezhmetdinov Memorial"]
[Site "?"]
[Date "2010.06.06"]
[Round "7.3"]
[White "Shaposhnikov, Evgeny"]
[Black "Skomorokhin, Roman"]
[Result "1/2-1/2"]
[WhiteElo "2550"]
[BlackElo "2447"]
[PlyCount "29"]
[EventDate "2010.06.01"]
[SourceDate "2010.06.06"]

1. e4 e5 2. Nf3 Nc6 3. Bb5 Nf6 4. d3 Bc5 5. Bxc6 dxc6 6. O-O Nd7 7. b3 O-O 8.
Bb2 Re8 9. Nbd2 f6 10. c3 Nf8 11. d4 exd4 12. cxd4 Bb6 13. h3 Be6 14. Nc4 Qd7
15. Nxb6 1/2-1/2

[Event "ÕÕÕII Nezhmetdinov Memorial"]
[Site "?"]
[Date "2010.06.06"]
[Round "7.1"]
[White "Zakhartsov, Viacheslav V."]
[Black "Isajevsky, Anton"]
[Result "1-0"]
[WhiteElo "2586"]
[BlackElo "2424"]
[PlyCount "63"]
[EventDate "2010.06.01"]
[SourceDate "2010.06.06"]

1. d4 d5 2. c4 e6 3. Nc3 c6 4. Nf3 Nf6 5. Bg5 dxc4 6. e4 b5 7. e5 h6 8. Bh4 g5
9. Nxg5 hxg5 10. Bxg5 Nbd7 11. g3 Rg8 12. Bxf6 Nxf6 13. exf6 Qxf6 14. Bg2 Bb7
15. a4 b4 16. Ne4 Qg7 17. Rc1 c3 18. bxc3 O-O-O 19. Qe2 bxc3 20. O-O Rxd4 21.
Nxc3 Qg4 22. Qe3 Rc4 23. Ne4 Rxc1 24. Rxc1 Be7 25. Qxa7 Rd8 26. h3 Rd1+ 27. Kh2
Qh5 28. Rxd1 Qxd1 29. a5 Qe2 30. Nc5 Qe5 31. a6 Bxa6 32. Qxe7 1-0

[Event "ÕÕÕII Nezhmetdinov Memorial"]
[Site "?"]
[Date "2010.06.06"]
[Round "7.4"]
[White "Sadykov, Ramil"]
[Black "Shcherbakov, Ruslan"]
[Result "1/2-1/2"]
[WhiteElo "2207"]
[BlackElo "2516"]
[PlyCount "45"]
[EventDate "2010.06.01"]
[SourceDate "2010.06.06"]

1. e4 c5 2. Nf3 e6 3. d4 cxd4 4. Nxd4 Nc6 5. Nc3 d6 6. g3 Nf6 7. Bg2 Bd7 8. O-O
Be7 9. Re1 Nxd4 10. Qxd4 Bc6 11. a4 O-O 12. h3 Qc7 13. Be3 a6 14. a5 Rac8 15.
Red1 Nd7 16. f4 Rfe8 17. Qd2 h6 18. Kh2 Qb8 19. Na4 Nf6 20. Nc3 Nd7 21. Na4 Nf6
22. Nc3 Nd7 23. Na4 1/2-1/2

[Event "ÕÕÕII Nezhmetdinov Memorial"]
[Site "?"]
[Date "2010.06.06"]
[Round "7.5"]
[White "Dimukhametov, Artur"]
[Black "Askarov, Marat"]
[Result "1-0"]
[WhiteElo "2278"]
[BlackElo "2499"]
[PlyCount "109"]
[EventDate "2010.06.01"]
[SourceDate "2010.06.06"]

1. d4 d5 2. c4 e6 3. Nc3 Nf6 4. cxd5 exd5 5. Bg5 Be7 6. e3 O-O 7. Bd3 Re8 8.
Qc2 h6 9. Bh4 c5 10. Nge2 Nc6 11. a3 cxd4 12. exd4 Ng4 13. Bg3 Bh4 14. O-O Bxg3
15. hxg3 h5 16. Qd2 h4 17. Qf4 hxg3 18. Qxg3 Nh6 19. Nf4 Be6 20. Nh5 Bg4 21.
Nf4 Nxd4 22. Nfxd5 Rc8 23. Rae1 Be6 24. Re5 Nhf5 25. Qf4 g6 26. g4 Bxd5 27.
Rxd5 Qh4 28. Rxd4 Nxd4 29. Qxd4 Rcd8 30. Nd5 Qg5 31. Bc4 Re5 32. Rd1 Rde8 33.
Kg2 b6 34. Rd3 Qd8 35. Qf4 Kg7 36. Ne3 Qe7 37. Qd4 f6 38. Qd7 Qxd7 39. Rxd7+
R5e7 40. Rd6 Rc8 41. b3 Rf8 42. Nd5 Re4 43. Rd7+ Kh6 44. Kf3 Re5 45. Kg3 Re4
46. f4 Rd4 47. Nxf6 Rxd7 48. Nxd7 Re8 49. g5+ Kg7 50. Ne5 Rd8 51. Nc6 Rd7 52.
Kf3 Rc7 53. Nd4 Rd7 54. Ke4 a6 55. a4 1-0

[Event "ÕÕÕII Nezhmetdinov Memorial"]
[Site "?"]
[Date "2010.06.06"]
[Round "7.8"]
[White "Zenzera, Alexey"]
[Black "Bezgodov, Alexei"]
[Result "1/2-1/2"]
[WhiteElo "2170"]
[BlackElo "2494"]
[PlyCount "78"]
[EventDate "2010.06.01"]
[SourceDate "2010.06.06"]

1. c4 e5 2. g3 c6 3. d4 e4 4. Bg2 d5 5. Nc3 Bb4 6. Qb3 Na6 7. cxd5 Qxd5 8. Qxd5
cxd5 9. Nh3 Ne7 10. O-O O-O 11. Nf4 Nc7 12. Bd2 Bd6 13. f3 f5 14. h4 g6 15. Kf2
Bd7 16. Rfc1 Rac8 17. Be3 b5 18. a3 a5 19. Nh3 Ne6 20. Bf4 Bc7 21. e3 b4 22.
axb4 axb4 23. Ne2 Nxf4 24. Nexf4 Bb8 25. Bf1 Rxc1 26. Rxc1 Rc8 27. Rxc8+ Bxc8
28. Bb5 h6 29. Ba4 Kf7 30. Bb3 Bb7 31. Ne2 Kf6 32. Nhf4 g5 33. hxg5+ hxg5 34.
Ng2 Nc8 35. Ne1 Nb6 36. Bd1 Nc4 37. b3 Na3 38. f4 g4 39. Nc1 Bd6 1/2-1/2

[Event "ÕÕÕII Nezhmetdinov Memorial"]
[Site "?"]
[Date "2010.06.06"]
[Round "7.9"]
[White "Galliamova, Alisa"]
[Black "Baraeva, Irina"]
[Result "1-0"]
[WhiteElo "2487"]
[BlackElo "2061"]
[PlyCount "55"]
[EventDate "2010.06.01"]
[SourceDate "2010.06.06"]

1. d4 d5 2. c4 c6 3. Nf3 Nf6 4. Qb3 dxc4 5. Qxc4 Bg4 6. Nbd2 Nbd7 7. g3 e6 8.
Bg2 Bd6 9. e4 Bxf3 10. Bxf3 e5 11. O-O O-O 12. Bg2 Nb6 13. Qc3 Qe7 14. dxe5
Bxe5 15. Qc2 Rad8 16. a4 c5 17. Nf3 Bb8 18. e5 Nfd5 19. Bg5 f6 20. exf6 Nxf6
21. Rfe1 Qd6 22. Rad1 Qc6 23. Rxd8 Rxd8 24. Bxf6 Qxf6 25. Qxc5 Qxb2 26. a5 Nc8
27. Ng5 Nd6 28. Qd5+ 1-0

[Event "ÕÕÕII Nezhmetdinov Memorial"]
[Site "?"]
[Date "2010.06.06"]
[Round "7.7"]
[White "Shabalin, Evgeny"]
[Black "Kabanov, Nikolai"]
[Result "0-1"]
[WhiteElo "2233"]
[BlackElo "2517"]
[PlyCount "136"]
[EventDate "2010.06.01"]
[SourceDate "2010.06.06"]

1. d4 Nf6 2. c4 c5 3. Nf3 cxd4 4. Nxd4 a6 5. Nc3 e6 6. e3 Qc7 7. Be2 Be7 8. O-O
O-O 9. Bd2 d6 10. Rc1 Nbd7 11. b3 Re8 12. Qc2 b6 13. Bf3 Bb7 14. Ne4 Rac8 15.
Nxf6+ Nxf6 16. Bxb7 Qxb7 17. Qd3 Ne4 18. Bb4 Nc5 19. Qe2 Rb8 20. Rfd1 b5 21.
Qg4 bxc4 22. Rxc4 d5 23. Rxc5 Qxb4 24. Rc6 e5 25. a3 Qxa3 26. Nf5 g6 27. Rxd5
Qxb3 28. e4 Qxd5 29. Nxe7+ Rxe7 30. Rc8+ Qd8 31. Rxd8+ Rxd8 32. h4 a5 33. Qg5
Rd1+ 34. Kh2 Re6 35. h5 Rdd6 36. h6 Re8 37. Qc1 a4 38. Qc4 g5 39. Qxa4 Rxh6+
40. Kg3 Ree6 41. Qa8+ Kg7 42. Qd8 Rhf6 43. f3 h6 44. Qb8 Rf4 45. Qa8 g4 46. Qd5
gxf3 47. gxf3 Rg6+ 48. Kf2 Rg5 49. Qd8 Rf6 50. Qd2 Rfg6 51. Ke3 h5 52. Qh2 Rf6
53. Qh4 Kg6 54. Qh3 Kh6 55. Qc8 Kg7 56. Qh3 Rf4 57. Kd3 h4 58. Kc4 Rg3 59. Qh2
Rgxf3 60. Kd5 Kf6 61. Qb2 h3 62. Qb6+ Kg7 63. Qc7 Rd3+ 64. Kxe5 Rh4 65. Qc1
Rh5+ 66. Kf4 h2 67. Qb2+ Kh7 68. Qa2 Rf3+ 0-1

[Event "ÕÕÕII Nezhmetdinov Memorial"]
[Site "?"]
[Date "2010.06.06"]
[Round "7.10"]
[White "Dogodkina, Julia"]
[Black "Alavkin, Arseny"]
[Result "0-1"]
[WhiteElo "2066"]
[BlackElo "2460"]
[PlyCount "80"]
[EventDate "2010.06.01"]
[SourceDate "2010.06.06"]

1. e4 e6 2. d4 d5 3. Nc3 Nf6 4. e5 Nfd7 5. f4 c5 6. Be3 Nc6 7. Nf3 Be7 8. Qd2
O-O 9. O-O-O c4 10. f5 b5 11. f6 gxf6 12. Bh6 fxe5 13. Qf2 Kh8 14. dxe5 Rg8 15.
h4 Ndxe5 16. Nxe5 Nxe5 17. Be2 b4 18. Ne4 Bd7 19. Bf4 Ng6 20. Ng5 Rg7 21. Be3
f6 22. h5 Ne5 23. Nh3 Qa5 24. h6 Rgg8 25. Bd4 Qxa2 26. Kd2 c3+ 27. bxc3 bxc3+
28. Bxc3 Ba4 29. Bd3 d4 30. Bxd4 Rad8 31. Ra1 Qd5 32. Bxe5 Rxg2 33. Rxa4 Rxf2+
34. Nxf2 Qxe5 35. Re4 Qg3 36. Ke2 Bc5 37. Rf1 e5 38. Nh1 Qh2+ 39. Nf2 f5 40.
Rc4 Qh5+ 0-1

[Event "ÕÕÕII Nezhmetdinov Memorial"]
[Site "?"]
[Date "2010.06.06"]
[Round "7.11"]
[White "Ponfilenok, Vladimir"]
[Black "Tokarev, Ilya"]
[Result "1-0"]
[WhiteElo "2451"]
[BlackElo "2257"]
[PlyCount "73"]
[EventDate "2010.06.01"]
[SourceDate "2010.06.06"]

1. d4 d5 2. Nf3 Nf6 3. c4 c6 4. e3 a6 5. Bd3 Bg4 6. Nbd2 e6 7. O-O Nbd7 8. Qc2
c5 9. b3 Rc8 10. Bb2 cxd4 11. exd4 dxc4 12. bxc4 Be7 13. Rfe1 Bh5 14. Rac1 Bg6
15. Bxg6 hxg6 16. Rxe6 O-O 17. Ree1 b5 18. Qb3 Rb8 19. c5 Rc8 20. a4 bxa4 21.
Qxa4 Nb8 22. Bc3 Nd5 23. Ne4 Nc6 24. Qxa6 f5 25. Ned2 Kh7 26. Nb3 Bg5 27. Bd2
Bxd2 28. Nbxd2 Qf6 29. Qc4 Rfd8 30. h4 Kh8 31. Rb1 Na5 32. Qa2 Ra8 33. Ra1 Nb4
34. Qa4 Nbc6 35. Nb3 Nxb3 36. Qxa8 Nxa1 37. Re8+ 1-0

[Event "ÕÕÕII Nezhmetdinov Memorial"]
[Site "?"]
[Date "2010.06.06"]
[Round "7.12"]
[White "Predke, Alexandr"]
[Black "Ulanov, Sergei"]
[Result "1-0"]
[WhiteElo "2417"]
[BlackElo "2145"]
[PlyCount "67"]
[EventDate "2010.06.01"]
[SourceDate "2010.06.06"]

1. e4 c5 2. Nf3 a6 3. c3 d5 4. exd5 Qxd5 5. d4 Nf6 6. Be2 cxd4 7. cxd4 e6 8.
O-O Be7 9. Nc3 Qd6 10. Bg5 Nbd7 11. Rc1 O-O 12. Bd3 h6 13. Bh4 b5 14. Ne4 Qb6
15. Ne5 Nd5 16. Bxe7 Nxe7 17. Rxc8 Rfxc8 18. Nxd7 Qd8 19. Nec5 Ra7 20. Ne5 Qd5
21. Qf3 Qxf3 22. Nxf3 Rd8 23. Be4 Kf8 24. Rc1 Nd5 25. Bxd5 Rxd5 26. Nd3 Rd6 27.
Rc8+ Ke7 28. Kf1 Kf6 29. Ke2 h5 30. Ke3 g6 31. Nc5 Kg7 32. Ne5 f6 33. Rc6 Rd5
34. Nxe6+ 1-0

[Event "ÕÕÕII Nezhmetdinov Memorial"]
[Site "?"]
[Date "2010.06.06"]
[Round "7.13"]
[White "Sokolov, Sergei"]
[Black "Pokudov, Zakhar"]
[Result "0-1"]
[WhiteElo "2349"]
[BlackElo "1794"]
[PlyCount "162"]
[EventDate "2010.06.01"]
[SourceDate "2010.06.06"]

1. c4 c5 2. Nf3 Nf6 3. Nc3 e6 4. g3 b6 5. Bg2 Bb7 6. O-O a6 7. d4 cxd4 8. Qxd4
Bc5 9. Qd3 Be7 10. Rd1 d6 11. e4 Nbd7 12. Qe2 Qc7 13. Bd2 O-O 14. Rac1 Rac8 15.
b3 Rfe8 16. Nd4 Qb8 17. Be3 Bf8 18. Re1 Qa8 19. Bd2 Qb8 20. h3 Qa8 21. g4 g6
22. Qe3 Bg7 23. Nde2 Rcd8 24. Ng3 d5 25. Qe2 dxe4 26. g5 e3 27. Bxb7 Qxb7 28.
Qxe3 Nh5 29. Nxh5 gxh5 30. Ne4 Ne5 31. Bc3 Rd3 32. Qf4 Ng6 33. Nf6+ Kh8 34. Qe4
Qxe4 35. Rxe4 Red8 36. Kg2 Rc8 37. Bd4 Rc6 38. b4 e5 39. Bxe5 Nxe5 40. Rxe5
Bxf6 41. gxf6 Rxf6 42. Rc2 Rg6+ 43. Kh2 Rc6 44. Re8+ Kg7 45. Ra8 b5 46. c5 Kg6
47. Rh8 Kg7 48. Rb8 Rf3 49. Rb6 Rff6 50. Rxc6 Rxc6 51. Kg3 Kf6 52. Kf4 Ke6 53.
Rd2 a5 54. a3 axb4 55. axb4 Ra6 56. h4 Ra4 57. Rd6+ Ke7 58. Rd4 Ke6 59. Ke4 f6
60. Kf4 f5 61. Rd6+ Ke7 62. Rd4 Ke6 63. f3 h6 64. Rd6+ Ke7 65. Rxh6 Rxb4+ 66.
Kxf5 Rc4 67. Re6+ Kd7 68. Re5 Kc6 69. f4 b4 70. Kg5 b3 71. Re3 b2 72. Rb3 Rxc5+
73. f5 Rb5 74. Rxb2 Rxb2 75. Kxh5 Rg2 76. Kh6 Kd6 77. h5 Ke5 78. Kh7 Kxf5 79.
h6 Kf6 80. Kh8 Rh2 81. h7 Ra2 0-1

[Event "ÕÕÕII Nezhmetdinov Memorial"]
[Site "?"]
[Date "2010.06.06"]
[Round "7.14"]
[White "Bezgodova, Svetlana"]
[Black "Poniaev, Ruslan"]
[Result "0-1"]
[WhiteElo "2112"]
[BlackElo "2256"]
[PlyCount "124"]
[EventDate "2010.06.01"]
[SourceDate "2010.06.06"]

1. Nf3 c5 2. e4 Nc6 3. d3 g6 4. Be2 Bg7 5. O-O d6 6. c3 e5 7. a3 a5 8. a4 Nge7
9. Na3 O-O 10. Qb3 Rb8 11. Be3 Be6 12. Nc4 h6 13. Rad1 f5 14. Qb6 Qd7 15. h3
Kh7 16. Nh2 f4 17. Bc1 h5 18. Rfe1 Bf6 19. Bf3 Kg7 20. Qb5 b6 21. Kh1 Rh8 22.
d4 cxd4 23. cxd4 Nxd4 24. Qxd7 Bxd7 25. b3 Be6 26. Ba3 Bxc4 27. bxc4 Nc2 28.
Bxd6 Nxe1 29. Rxe1 Rbc8 30. Be2 Rhd8 31. Ba3 Rd4 32. Bf1 Rd2 33. Rb1 Rc6 34.
Nf3 Rxf2 35. Bxe7 Bxe7 36. Nxe5 Re6 37. Nd3 Ra2 38. Nxf4 Rxe4 39. Nd5 Bb4 40.
Nxb6 Re1 41. Rxe1 Bxe1 42. g4 h4 43. c5 Bf2 44. Bb5 Bxc5 45. Nc4 Bb4 46. Ne5
Kf6 47. Nf3 g5 48. Bc6 Bd6 49. Kg1 Bf4 50. Bb5 Be3+ 51. Kh1 Ke7 52. Ne5 Bb6 53.
Nf3 Kf6 54. Bc6 Bd8 55. Bb5 Rf2 56. Bc6 Ke6 57. Ba8 Bf6 58. Kg1 Ra2 59. Bc6 Kd6
60. Bb5 Kd5 61. Be8 Ke4 62. Ne1 Bd4+ 0-1

[Event "ÕÕÕII Nezhmetdinov Memorial"]
[Site "?"]
[Date "2010.06.06"]
[Round "7.15"]
[White "Gabdrakhmanov, Rafail"]
[Black "Sanzhaev, Darsen"]
[Result "1-0"]
[WhiteElo "2362"]
[BlackElo "2150"]
[PlyCount "107"]
[EventDate "2010.06.01"]
[SourceDate "2010.06.06"]

1. e4 c5 2. Nf3 Nc6 3. d3 e6 4. g3 d5 5. Nbd2 Nf6 6. Bg2 Be7 7. O-O O-O 8. Re1
Qc7 9. e5 Ng4 10. Qe2 f6 11. exf6 Bxf6 12. Nb3 Qe7 13. c3 Nge5 14. Nxe5 Bxe5
15. Be3 Bd6 16. d4 c4 17. Nd2 Bd7 18. f4 b5 19. Nf3 a5 20. Bd2 Rae8 21. Ng5 Qf6
22. a3 Re7 23. Qh5 h6 24. Nf3 Be8 25. Qg4 Bg6 26. Ne5 Bxe5 27. dxe5 Qf7 28. Be3
Rb7 29. Qh4 b4 30. axb4 axb4 31. Ra6 bxc3 32. bxc3 Ne7 33. g4 Be4 34. Bxe4 dxe4
35. Rf1 Nd5 36. Qe1 h5 37. f5 hxg4 38. Rxe6 Ne7 39. Bc5 Nxf5 40. Ra6 Rc8 41.
Qxe4 g6 42. Bb4 Ra7 43. Rf6 Qg7 44. Qxg4 Kh7 45. Qh3+ Kg8 46. Qg4 Kh7 47. Qg2
Rb7 48. Bf8 Rxf8 49. Rxf8 Re7 50. Qh3+ Nh6 51. e6 Qe5 52. R8f7+ Rxf7 53. Rxf7+
Kg8 54. Qxh6 1-0

[Event "ÕÕÕII Nezhmetdinov Memorial"]
[Site "?"]
[Date "2010.06.06"]
[Round "7.16"]
[White "Gubaydulin, Talgat"]
[Black "Sadykov, Airat F."]
[Result "1-0"]
[WhiteElo "2298"]
[BlackElo "2112"]
[PlyCount "59"]
[EventDate "2010.06.01"]
[SourceDate "2010.06.06"]

1. d4 d5 2. c4 c6 3. Nf3 Nf6 4. Nc3 e6 5. Bg5 h6 6. Bh4 dxc4 7. e4 g5 8. Bg3 b5
9. Be2 Bb7 10. h4 g4 11. Ne5 h5 12. O-O Nbd7 13. Qc2 Nxe5 14. Bxe5 Rg8 15. Rad1
Nd7 16. Bg3 Qb6 17. b3 cxb3 18. axb3 a6 19. d5 O-O-O 20. dxc6 Bxc6 21. Nd5 Qc5
22. Qb1 Kb7 23. Nf6 Rg6 24. Nxd7 Rxd7 25. Rxd7+ Bxd7 26. Rc1 Qb6 27. Rc7+ Qxc7
28. Bxc7 Kxc7 29. Qc1+ Kb6 30. Qf4 1-0

[Event "ÕÕÕII Nezhmetdinov Memorial"]
[Site "?"]
[Date "2010.06.06"]
[Round "7.17"]
[White "Semenova, Elena"]
[Black "Bushkov, Alexander V."]
[Result "1/2-1/2"]
[WhiteElo "2162"]
[BlackElo "2266"]
[PlyCount "30"]
[EventDate "2010.06.01"]
[SourceDate "2010.06.06"]

1. e4 c5 2. Nf3 d6 3. d4 cxd4 4. Nxd4 Nf6 5. Nc3 a6 6. f4 e6 7. Qf3 Qb6 8. Nb3
Nc6 9. Be3 Qc7 10. O-O-O b6 11. g4 Bb7 12. g5 Nd7 13. Qh3 Nb4 14. Rd2 Nc5 15.
Nxc5 bxc5 1/2-1/2

[Event "ÕÕÕII Nezhmetdinov Memorial"]
[Site "?"]
[Date "2010.06.06"]
[Round "7.18"]
[White "Vaseptsov, Maxim"]
[Black "Kalinin, Nikita"]
[Result "1-0"]
[WhiteElo "2197"]
[BlackElo "2032"]
[PlyCount "45"]
[EventDate "2010.06.01"]
[SourceDate "2010.06.06"]

1. e4 c5 2. Nf3 d6 3. d4 cxd4 4. Nxd4 Nf6 5. Nc3 a6 6. Bg5 e6 7. f4 Qb6 8. Qd3
Qxb2 9. Rb1 Qa3 10. f5 Nc6 11. fxe6 fxe6 12. Nxc6 bxc6 13. Be2 h5 14. e5 dxe5
15. Qg6+ Kd7 16. Rb3 Qe7 17. O-O Qe8 18. Rd1+ Kc7 19. Qd3 Bc5+ 20. Be3 Qe7 21.
Na4 Ba7 22. Bxa7 Rxa7 23. Qe3 1-0